000 00545nam a2200193 4500
001 135972
003 ES-MaACL
005 20230906195013.0
007 t|
008 070214s1959 fr r ||||1| fre d
100 1 _aRoux, Jean-Paul.
_9100111
245 1 2 _aL'islam en occident
_b: Europe-Afrique /
_cJean-Paul Roux.
260 _aParis :
_bPayot,
_c1959.
300 _a304 p. ;
_c23 cm.
490 1 _aBibliothèque historique
830 0 _aBibliothèque historique
_9180899
852 _aES-MaACL
_jC-16550
_bR.44707
999 _c135972
_d135972